<?xml version="1.0" encoding="UTF-8"?>
<record
    xmlns:xsi="http://www.w3.org/2001/XMLSchema-instance"
    xsi:schemaLocation="http://www.loc.gov/MARC21/slim http://www.loc.gov/standards/marcxml/schema/MARC21slim.xsd"
    xmlns="http://www.loc.gov/MARC21/slim">

  <leader>01736nam a2200421 i 4500</leader>
  <controlfield tag="003">DO-SdBNP</controlfield>
  <controlfield tag="005">20240621111816.0</controlfield>
  <controlfield tag="007">ta</controlfield>
  <controlfield tag="008">240621s2007    sp            000 j spa d</controlfield>
  <datafield tag="020" ind1=" " ind2=" ">
    <subfield code="a">978848012625X</subfield>
  </datafield>
  <datafield tag="040" ind1=" " ind2=" ">
    <subfield code="a">DO-SdBNP</subfield>
    <subfield code="b">spa</subfield>
    <subfield code="c">BNPHU</subfield>
    <subfield code="e">rda</subfield>
  </datafield>
  <datafield tag="082" ind1=" " ind2=" ">
    <subfield code="b">D568</subfield>
    <subfield code="2">22</subfield>
  </datafield>
  <datafield tag="111" ind1=" " ind2=" ">
    <subfield code="a">Congreso de Literatura Leonesa Actual </subfield>
    <subfield code="n">(2&#xBA;.</subfield>
    <subfield code="d">2007.  </subfield>
    <subfield code="c">Le&#xF3;n)</subfield>
    <subfield code="9">85728</subfield>
  </datafield>
  <datafield tag="245" ind1="1" ind2="3">
    <subfield code="a">Diez nuevas voces de la poes&#xED;a leonesa : </subfield>
    <subfield code="b">2&#xBA; Congreso de Literatura Leonesa Actual /</subfield>
    <subfield code="c">V&#xED;ctor M. D&#xED;ez, Ana Isabela Conejo, Bruno Marcos, &#xC1;ngel Rojo, Pablo Moldes y otros ; coordinaci&#xF3;n Alfonso Garc&#xED;a, Jos&#xE9; Enrique Mart&#xED;nez, Nicol&#xE1;s Mi&#xF1;ambres </subfield>
  </datafield>
  <datafield tag="264" ind1=" " ind2="1">
    <subfield code="a">Trobajo del Camino (Le&#xF3;n), Espa&#xF1;a :</subfield>
    <subfield code="b">Edilesa, </subfield>
    <subfield code="c">2007.</subfield>
  </datafield>
  <datafield tag="300" ind1=" " ind2=" ">
    <subfield code="a">203 p&#xE1;ginas,  </subfield>
    <subfield code="c">21 cm.</subfield>
  </datafield>
  <datafield tag="336" ind1=" " ind2=" ">
    <subfield code="2">rdacontent</subfield>
    <subfield code="a">texto</subfield>
    <subfield code="b">txt</subfield>
  </datafield>
  <datafield tag="337" ind1=" " ind2=" ">
    <subfield code="2">rdamedia</subfield>
    <subfield code="a">sin mediaci&#xF3;n </subfield>
    <subfield code="b">n</subfield>
  </datafield>
  <datafield tag="338" ind1=" " ind2=" ">
    <subfield code="2">rdacarrier</subfield>
    <subfield code="a">volumen</subfield>
    <subfield code="b">nc</subfield>
  </datafield>
  <datafield tag="500" ind1=" " ind2=" ">
    <subfield code="a">En la portada "Diario de Le&#xF3;n".</subfield>
  </datafield>
  <datafield tag="590" ind1=" " ind2=" ">
    <subfield code="a">Inventariado, 2024/ YL</subfield>
  </datafield>
  <datafield tag="650" ind1=" " ind2=" ">
    <subfield code="a">Poes&#xED;a espa&#xF1;ola </subfield>
    <subfield code="v">Antolog&#xED;as </subfield>
    <subfield code="v">Congreso</subfield>
    <subfield code="y">Siglo 20&#xBA; </subfield>
    <subfield code="9">85729</subfield>
  </datafield>
  <datafield tag="700" ind1="1" ind2=" ">
    <subfield code="a"> D&#xED;ez, V&#xED;ctor M.</subfield>
    <subfield code="e">textos</subfield>
    <subfield code="9">85730</subfield>
  </datafield>
  <datafield tag="700" ind1="1" ind2=" ">
    <subfield code="a"> Conejo, Ana Isabela</subfield>
    <subfield code="e">textos</subfield>
    <subfield code="9">85731</subfield>
  </datafield>
  <datafield tag="700" ind1="1" ind2=" ">
    <subfield code="a">Marcos, Bruno </subfield>
    <subfield code="e">textos</subfield>
    <subfield code="9">85732</subfield>
  </datafield>
  <datafield tag="700" ind1="1" ind2=" ">
    <subfield code="a">Rojo, &#xC1;ngel</subfield>
    <subfield code="e">textos</subfield>
    <subfield code="9">85733</subfield>
  </datafield>
  <datafield tag="700" ind1="1" ind2=" ">
    <subfield code="a">Moldes,  Pablo </subfield>
    <subfield code="e">textos</subfield>
    <subfield code="9">85734</subfield>
  </datafield>
  <datafield tag="700" ind1="1" ind2=" ">
    <subfield code="a">Lanseros, Raquel</subfield>
    <subfield code="e">textos</subfield>
    <subfield code="9">85735</subfield>
  </datafield>
  <datafield tag="700" ind1="1" ind2=" ">
    <subfield code="a">Artigue, Luis</subfield>
    <subfield code="e">textos</subfield>
    <subfield code="9">85736</subfield>
  </datafield>
  <datafield tag="700" ind1="1" ind2=" ">
    <subfield code="a">Zayas, Silvia</subfield>
    <subfield code="e">textos</subfield>
    <subfield code="9">85737</subfield>
  </datafield>
  <datafield tag="700" ind1="1" ind2=" ">
    <subfield code="a">Barragu&#xE9;s, Susana</subfield>
    <subfield code="e">textos</subfield>
    <subfield code="9">85741</subfield>
  </datafield>
  <datafield tag="700" ind1="1" ind2=" ">
    <subfield code="a">Abad, Ignacio</subfield>
    <subfield code="e">textos</subfield>
    <subfield code="9">85742</subfield>
  </datafield>
  <datafield tag="700" ind1="1" ind2=" ">
    <subfield code="a">Garc&#xED;a, Alfonso </subfield>
    <subfield code="e">coordinaci&#xF3;n </subfield>
    <subfield code="9">85739</subfield>
  </datafield>
  <datafield tag="700" ind1="1" ind2=" ">
    <subfield code="a">Mart&#xED;nez, Jos&#xE9; Enrique </subfield>
    <subfield code="e">coordinaci&#xF3;n </subfield>
    <subfield code="9">85738</subfield>
  </datafield>
  <datafield tag="700" ind1="1" ind2=" ">
    <subfield code="a">Mi&#xF1;ambres, Nicol&#xE1;s </subfield>
    <subfield code="e">coordinaci&#xF3;n </subfield>
    <subfield code="9">85740</subfield>
  </datafield>
  <datafield tag="910" ind1=" " ind2=" ">
    <subfield code="a">YLockward</subfield>
  </datafield>
  <datafield tag="942" ind1=" " ind2=" ">
    <subfield code="2">ddc</subfield>
    <subfield code="c">LBS1</subfield>
  </datafield>
  <datafield tag="952" ind1=" " ind2=" ">
    <subfield code="0">0</subfield>
    <subfield code="1">0</subfield>
    <subfield code="2">ddc</subfield>
    <subfield code="5">6</subfield>
    <subfield code="7">0</subfield>
    <subfield code="8">GR</subfield>
    <subfield code="a">BNPHU</subfield>
    <subfield code="b">BNPHU</subfield>
    <subfield code="c">CT</subfield>
    <subfield code="d">2012-06-01</subfield>
    <subfield code="e">Donaci&#xF3;n </subfield>
    <subfield code="l">0</subfield>
    <subfield code="o">D568</subfield>
    <subfield code="p">2024-3646</subfield>
    <subfield code="r">2024-06-21</subfield>
    <subfield code="w">2024-06-21</subfield>
    <subfield code="y">LBS1</subfield>
  </datafield>
  <datafield tag="999" ind1=" " ind2=" ">
    <subfield code="c">56920</subfield>
    <subfield code="d">56920</subfield>
  </datafield>
</record>
